| 000 | 00000nam##2200000za#4500 |
| 001 | 9.665456 |
| 003 | CaOODSP |
| 005 | 20210615122236 |
| 007 | ta |
| 008 | 150407|2004||||xxc||||| f|0| 0 fre|d |
| 020 | |a0-662-68140-1 |
| 040 | |aCaOODSP|bfre |
| 041 | |aeng |
| 041 | |afre |
| 043 | |an-cn--- |
| 086 | 1 |aSW21-111/2004 |
| 110 | 1 |aCanada.|bCondition féminine Canada. |bRecherche en matière de politiques. |
| 245 | 10|aIntégration des considérations liées à l'égalité entre les sexes dans la politique commerciale du Canada : |bétude de cas sur la mobilité de la main-d'oeuvre dans les accords commerciaux / |cpar Chantal Blouin ... [et al.] |
| 260 | |aOttawa - Ontario : |bCondition féminine Canada. |c2004. |
| 300 | |aTexte français, xii, 135, 17p. : |bgraphiques, tableaux ; |c28 cm. |
| 504 | |aBibliographie. |
| 520 | 3 |aCette étude porte sur les engagements du Canada aux termes des accords sur la mobilité de la main-d'oeuvre relevant de l'Accord de libre-échange nord-américain (Chapitre 16) et de l'Accord général sur le commerce des services (mode 4), dans la perspective de l'égalité entre les sexes. |
| 563 | |aCouverture souple |
| 590 | |a04-50|b2004-12-10 |
| 691 | 07|aAccord commercial|2gcpds |
| 691 | 07|aÉgalité des sexes|2gcpds |
| 691 | 07|aMobilité de la main-d'oeuvre|2gcpds |
| 691 | 07|aPolitique commerciale|2gcpds |
| 720 | 1 |aBlouin, Chantal |
| 776 | 0#|tIntégration des considérations liées à l'égalité entre les sexes dans la politique commerciale du Canada : |w(CaOODSP)9.631411 |
| 776 | 0#|tEngendering Canadian trade policy : |w(CaOODSP)9.686947 |
| 791 | |tEngendering Canadian trade policy : |eeng|w(CaOODSP)9.665455 |